000 00797nam a2200205Ii 4500
003 JO-AjNU
008 230605s9999||||xx |||||||||||||| ||und||
017 _a2008/2/355
040 _aJO-AjNU
_bara
_erda
_cJO-AjNU
041 _aara
050 1 4 _aHV6431 .F35 2008
100 3 _aتأليف: فاخوري، جلال,
_eauthor
_950066
245 0 0 _aعولمة الارهاب والحروب الاستباقية
264 3 1 _aعمان: دار يافا العلمية للنشر والتوزيع، 2008
300 _a150ص
_bيحتوي على ببلوغرافية من 141-150ص
336 _atext
_btxt
_2rdacontent
337 _aunmediated
_bn
_2rdamedia
338 _avolume
_bnc
_2rdacarrier
650 4 _aالارهاب - العلاقات الدولية - السياسة الخارجية
_950067
999 _aA22030
_c25598
_d25598